Fundamentals of agricultural extension education

Bibliographic Details
Main Author: Mondal, S. (Author)
Format: Book
Language:English
Published: Kalyani Publishing 2020
Subjects:

MARC

LEADER 00000cam a2200000 7i4500
001 0000099027
005 20211212093000.0
008 200812s2017 ii eng
020 |a 9789327282030 
040 |a UniSZA   |e rda 
050 0 0 |a S531   |b . M66 2020 
090 0 0 |a S531   |b . M66 2020 
100 1 |a Mondal, S. ,   |e author 
245 1 0 |a Fundamentals of agricultural extension education   |c Mondal, S. 
264 1 |b Kalyani Publishing   |c 2020 
300 |a 399 pages ;   |c 24cm. 
336 |a text  |2 rdacontent 
337 |a unmediated  |2 rdamedia 
338 |a volume  |2 rdacarrier 
504 |a Includes bibliographical references and index 
505 0 |a 1. Introduction to extension education -- 2. History and generation of agricultural extension -- 3. Communication process -- 4. Extension teaching methods -- 5. Audio-visual aids and information communication technology (ICT) -- 6. Adoption and Diffusion of Innovations -- 7. Extension programme planning -- 8. Extension administration and management -- 9. Capacity building, monitoring and evaluation -- 10. New trend in agricultural extension -- 11. Agricultural extension in Asia, America and Europe -- 12. Rural leadership -- 13. Rural development, community development, Panchayati Raj and Cooperative -- 14. Development programmes - At a glance -- 15. Transfer of technology: Icar projects and models -- 16. Agrocultural and rural development programmes -- 17. Agricultural journalism -- 18. Entrepreneurship development -- 19. Technical writing and communication skills 
650 0 |a Agricultural education 
999 |a 1000181685   |b Book   |c Open Shelf (1 Day)   |e Tembila Campus